Les premiers jeux de la Nintendo DS - Statistiques

Statistiques générales
  • Ce quiz a été pris 4 fois
  • Le résultat moyen est 1 sur 16
Statistiques - réponses
Les premiers jeux sortis sur DS en Europe (11/03/2005) % Correct
Super Mario 64 DS
100%
WarioWare: Touched!
25%
Asphalt: Urban GT
0%
Metroid Prime Hunters: First Hunt
0%
Mr. Driller: Drill Spirits
0%
Ping Pals
0%
Pokémon Dash
0%
Polarium
0%
Project Rub
0%
Rayman DS
0%
Retro Atari Classics
0%
Robots
0%
Spider Man 2
0%
The Urbz: Sims in the City
0%
Tiger Woods PGA Tour
0%
Zoo Keeper
0%
Aucun quiz correspondant
Distribution des résultats
% des personnes avec chaque résultat
Percentile par nombre de réponses
Votre historique - résultats
Vous n’avez pas pris ce quiz